UBT Library

Farm builder's handbook: (Record no. 42378)

000 -LEADER
fixed length control field 00737nam a2200217 4500
001 - CONTROL NUMBER
control field 1320482
005 - DATE AND TIME OF LATEST TRANSACTION
control field 20180213070004.0
008 - FIXED-LENGTH DATA ELEMENTS--GENERAL INFORMATION
fixed length control field 710311s1969 miuab b 001 0 eng
010 ## - LIBRARY OF CONGRESS CONTROL NUMBER
LC control number 78021544
040 ## - CATALOGING SOURCE
Original cataloging agency DLC
Transcribing agency DLC
Modifying agency DLC
041 ## - LANGUAGE CODE
Language code of text/sound track or separate title eng
080 ## - UNIVERSAL DECIMAL CLASSIFICATION NUMBER
Universal Decimal Classification number 690.89 lyt
082 00 - DEWEY DECIMAL CLASSIFICATION NUMBER
Classification number 690.89 lyt
100 1# - Rafti
Rafti 41
101 ## - Shkurtesa
Shkurtesa nde
245 10 - TITLE STATEMENT
Title Farm builder's handbook:
Statement of responsibility, etc [by] R. J. Lytle. With chapters by Merle L. Esmay [and] Arthur J. Muehling. Engineering consultant, Robert J. Mansfield; editorial consultant, William J. Fletcher.
350 ## - PRICE (NR) (BK AM CF MU VM SE) [OBSOLETE]
Price $15.00
504 ## - BIBLIOGRAPHY, ETC. NOTE
Bibliography, etc Bibliography: p. 203.
906 ## - LOCAL DATA ELEMENT F, LDF (RLIN)
a 7
b cbc
c orignew
d 2
e ocip
f 19
g y-gencatlg
942 ## - ADDED ENTRY ELEMENTS (KOHA)
Source of classification or shelving scheme
Item type Books
Holdings
Withdrawn status Lost status Source of classification or shelving scheme Damaged status Not for loan Collection code Permanent location Current location Shelving location Date acquired Total Checkouts Full call number Barcode Date last seen Price effective from Koha item type
          Koleksioni i përgjithshem UBT - Lipjan UBT - Lipjan Koleksioni i përgjithshem 02/13/2018   690.89 lyt 002-2997403 02/13/2018 02/13/2018 Books
UBT Library © 2015-2024. All rights reserved University Education for Business and Technology